Analýza vybraných otázek slovenského finančního trhu vzhledem ke vstupu SR do hospodářské měnové unie
História vzniku novodobého regulovaného trhu na Slovensku. Základné kritériá pre prijatie cenného papiera pre obchodovanie na BCPB. Informácie o kótovaných emitentoch. Vplyv finančnej krízy na KT na Slovensku.
Guardado en:
| Autor principal: | |
|---|---|
| Otros Autores: | , |
| Formato: | Capítulo de libro |
| Lenguaje: | checo |
| Materias: | |
| Etiquetas: |
Sin Etiquetas, Sea el primero en etiquetar este registro!
|
MARC
| LEADER | 00000naa a2200000 4500 | ||
|---|---|---|---|
| 001 | 0142098 | ||
| 005 | 20231204130525.7 | ||
| 041 | 0 | |a cze | |
| 044 | |a SK | ||
| 245 | 1 | 0 | |a Analýza vybraných otázek slovenského finančního trhu vzhledem ke vstupu SR do hospodářské měnové unie |c Jiří Polách, Václav Dufala, Zuzana Virglerová |
| 520 | |a História vzniku novodobého regulovaného trhu na Slovensku. Základné kritériá pre prijatie cenného papiera pre obchodovanie na BCPB. Informácie o kótovaných emitentoch. Vplyv finančnej krízy na KT na Slovensku. | ||
| 610 | 2 | 0 | |a trh finančný |
| 610 | 2 | 0 | |a Európska menová únia |
| 610 | 2 | 0 | |a Slovensko |
| 610 | 2 | 0 | |a eurozóna |
| 610 | 2 | 0 | |a burzy cenných papierov |
| 610 | 2 | 0 | |a obchody burzové |
| 610 | 2 | 0 | |a papiere cenné |
| 100 | 1 | |a Polách, Jiří | |
| 700 | 1 | |a Dufala, Václav | |
| 700 | 1 | |a Virglerová, Zuzana | |